000 01056cam a22001814a 4500
005 20250605164345.0
008 250528s ||||||||||||||||||||||||d
035 _a23799
040 _aGR-AtMCL
_bgre
_dGR-AtMCL
_eAACR2
245 1 _aWho Forgives Themselves, Other and Situations?/Attachment Theory in Predicting Forgiveness and the Role of Culture, Age and Gender.
260 _c2014
300 _a99
520 _aIntroduction, Literature Review, Theoritical Perspectives on Forgiveness, Defining Forgiveness, Types of Forgiveness, Theoretical Models, Reserach Findings on Forgiveness, Factors to Consider/Mediating Factors, Forgiveness in Young and Early Adulthood, Theory and Reserach of Attachment, Attachment Theory, Attachment in Adulthood, Linking Attachment to Forgiveness, Reserach Questionnaires, Methodology, Participants, Material/Apparatus, Design, Procedure, Data Analysis, Results, Discussion, Summary and Conclusion, References, Appendix.
700 1 _aMintzaridi Maria
_99329
942 _cDS
999 _c8734
_d8734